| 000 | 00403nam a22001697a 4500 | ||
|---|---|---|---|
| 003 | OSt | ||
| 005 | 20220218143412.0 | ||
| 008 | 220218b |||||||| |||| 00| 0 eng d | ||
| 020 | _a3540403183 | ||
| 040 | _cHU | ||
| 082 | _a658.5 | ||
| 100 |
_aBUSINESS PROCESS MANAGEMENT _930879 |
||
| 245 | _aBUSINESS PROCESS MANAGEMENT | ||
| 260 |
_aNEWYORK _bU S A _c1998 |
||
| 300 | _a389 | ||
| 942 |
_2ddc _cBOOKS _n0 |
||
| 999 |
_c30851 _d30851 |
||